00358pab a2200145 454500008004000000100001600040245005600056260000900112300001200121362001200133650002700145650001000172650001000182773002000192180718b2001 xxu||||| |||| 00| 0 eng d aGupta, K.N. aCrime against women: impediment towards empowerment c2001 ap.32-38 aJul-Sep aWomen - Crimes against aCrime aWomen aIndia Quarterly